[Event "Quebec op"]
[Site "Montreal CAN"]
[Date "1982.08.08"]
[Round "8"]
[White "Veltmann, Martin"]
[Black "Nadeau, Renaud"]
[Result "0-1"]
[WhiteElo "1858"]
[BlackElo "2128"]
[PlyCount "81"]
[GameId "2160767912848307"]
[EventDate "1982.08.01"]
[EventType "swiss"]
[EventRounds "8"]
[EventCountry "CAN"]
[SourceTitle "mv"]

1. e4 c5 2. Nc3 g6 3. Nf3 Bg7 4. d4 cxd4 5. Nxd4 d6 6. Be3 Nf6 7. f3 O-O 8. Bc4 Nc6 9. Qd2 Bd7 10. O-O-O Rc8 11. Bb3 Ne5 12. g4 Nc4 13. Bxc4 Rxc4 14. h4 Qa5 15. Nb3 Qa6 16. Bh6 Bxh6 17. Qxh6 Rxc3 18. bxc3 Qxa2 19. h5 Rc8 20. hxg6 fxg6 21. e5 Rxc3 22. Rh2 Qa3+ 23. Kb1 Rxb3+ 24. cxb3 Qxb3+ 25. Kc1 Qc3+ 26. Kb1 Qb3+ 27. Kc1 Qc3+ 28. Kb1 Qxe5 29. Rb2 Bc6 30. Rc1 a5 31. g5 Nd7 32. Rh1 Nf8 33. Rc1 a4 34. Qh2 Qxg5 35. Qc2 Qf5 36. Qxf5 gxf5 37. f4 Ng6 38. Rg1 Kf7 39. Rb4 Be4+ 40. Ka2 Nxf4 41. Rxa4 0-1

[Event "Quebec op"]
[Site "Montreal CAN"]
[Date "1982.08.08"]
[Round "8"]
[White "Zalys, Ignas"]
[Black "Frappier, Clement"]
[Result "1-0"]
[WhiteElo "1960"]
[BlackElo "1825"]
[PlyCount "25"]
[GameId "2160767912848308"]
[EventDate "1982.08.01"]
[EventType "swiss"]
[EventRounds "8"]
[EventCountry "CAN"]

1. d4 Nf6 2. Nc3 d5 3. Bg5 e6 4. e4 Be7 5. e5 Nfd7 6. h4 b6 7. Qg4 f6 8. Bf4 g6 9. Qxe6 fxe5 10. Bg5 Nf6 11. Qxe5 Nc6 12. Bb5 Bd7 13. Bxc6 1-0

[Event "Quebec op (ville/city)"]
[Site "Quebec CAN"]
[Date "1982.09.05"]
[Round "3"]
[White "Auger, Bertrand"]
[Black "Berube, Richard"]
[Result "0-1"]
[WhiteElo "1841"]
[BlackElo "1966"]
[PlyCount "56"]
[GameId "2160767912848228"]
[EventDate "1982.09.04"]
[EventType "tourn"]
[EventRounds "5"]
[EventCountry "CAN"]
[SourceTitle "hb 2012"]

1. Nf3 Nf6 2. c4 g6 3. Nc3 Bg7 4. g3 d6 5. d4 O-O 6. Bg2 Nbd7 7. O-O c6 8. e4 e5 9. Re1 Re8 10. h3 Qb6 11. Be3 Qxb2 12. Qd3 Qa3 13. Bd2 exd4 14. Nxd4 Nc5 15. Qe3 Qa6 16. Nb3 Nfd7 17. Rac1 Qb6 18. Kh2 Qc7 19. f4 a5 20. Qf2 Nd3 21. Qe3 Nxc1 22. Bxc1 a4 23. Nd4 Nc5 24. e5 dxe5 25. Nxc6 bxc6 26. Qxc5 Bb7 27. Nd5 Qd8 28. Nb6 Ra6 0-1

[Event "Quebec op U1800"]
[Site "Montreal CAN"]
[Date "1982.08.01"]
[Round "1"]
[White "Fournier, Rene"]
[Black "Clement, Michel"]
[Result "1-0"]
[WhiteElo "1662"]
[BlackElo "1476"]
[PlyCount "49"]
[GameId "2160767912848310"]
[EventDate "1982.08.01"]
[EventType "swiss"]
[EventRounds "8"]
[EventCountry "CAN"]
[SourceTitle "hb 2009.06"]

1. e4 e5 2. f4 d6 3. Nf3 Nc6 4. Bb5 Bd7 5. O-O Nf6 6. d3 exf4 7. Bxf4 Be7 8. Nc3 O-O 9. a3 h6 10. Qd2 Re8 11. Rae1 Bf8 12. d4 Ne7 13. Bxd7 Nxd7 14. e5 dxe5 15. dxe5 Ng6 16. Bg3 c6 17. Kh1 Nb6 18. Qf2 Qd7 19. h4 Ne7 20. e6 fxe6 21. Ne5 Qc8 22. Qf7+ Kh8 23. Ne4 Nf5 24. Ng6+ Kh7 25. Nf6# 1-0

[Event "Quebec op U1800"]
[Site "Montreal CAN"]
[Date "1982.08.02"]
[Round "2"]
[White "Clement, Michel"]
[Black "Moshopoulos, Angelos"]
[Result "0-1"]
[WhiteElo "1474"]
[BlackElo "1737"]
[PlyCount "102"]
[GameId "2160767912848311"]
[EventDate "1982.08.01"]
[EventType "swiss"]
[EventRounds "8"]
[EventCountry "CAN"]
[SourceTitle "hb 2009.06"]

1. e4 c5 2. Nf3 d6 3. d4 cxd4 4. Nxd4 Nf6 5. Nc3 g6 6. Be2 Bg7 7. O-O O-O 8. Be3 Nc6 9. Nb3 Ne5 10. f3 Bd7 11. Qd2 a6 12. a4 Rc8 13. a5 Nc4 14. Bxc4 Rxc4 15. Rfd1 Qc8 16. Nd4 Nh5 17. Nde2 Re8 18. h3 Be5 19. f4 Bg7 20. e5 Bxh3 21. gxh3 Qxh3 22. b3 Rc6 23. Nd4 Rxc3 24. Qxc3 Nxf4 25. Qd2 Nd5 26. Re1 Bxe5 27. Ra4 Rc8 28. Qg2 Qh5 29. Nf3 Bc3 30. Re2 Nxe3 31. Rxe3 Bxa5 32. Rxe7 Bb6+ 33. Kf1 Rc3 34. Ne1 Qf5+ 35. Ke2 Qh5+ 36. Kd2 Rh3 37. Re8+ Kg7 38. Re2 Qh6+ 39. Kd1 Qh5 40. Kd2 Qh6+ 41. Kd1 Qh5 42. Qxb7 Rh2 43. Qxa6 Bf2 44. Rae4 d5 45. Re5 Qg4 46. Rxd5 Bxe1 47. Kxe1 Qb4+ 48. Red2 Rh1+ 49. Kf2 Qh4+ 50. Kf3 Rh3+ 51. Kg2 Qg3+ 0-1

[Event "Quebec op U1800"]
[Site "Montreal CAN"]
[Date "1982.08.03"]
[Round "3"]
[White "Dubreuil, Pierre"]
[Black "Clement, Michel"]
[Result "0-1"]
[WhiteElo "1350"]
[BlackElo "1476"]
[PlyCount "132"]
[GameId "2160767912848312"]
[EventDate "1982.08.01"]
[EventType "swiss"]
[EventRounds "8"]
[EventCountry "CAN"]
[SourceTitle "hb 2009.06"]

1. d4 f5 2. c4 Nf6 3. Nc3 e6 4. a3 Be7 5. g3 O-O 6. Bg2 d6 7. Nh3 Nbd7 8. O-O e5 9. dxe5 Nxe5 10. Ng5 h6 11. Nf3 Nc6 12. Nd4 Nxd4 13. Qxd4 c6 14. e4 fxe4 15. Nxe4 Nxe4 16. Bxe4 Bh3 17. Bg2 Bxg2 18. Kxg2 Qd7 19. Qe4 Rae8 20. Qd3 Rf5 21. g4 Rf7 22. h3 Ref8 23. f3 Bh4 24. f4 Re8 25. Be3 a6 26. Rad1 Rfe7 27. Bf2 Bxf2 28. Rxf2 Re6 29. f5 Rf6 30. b4 Qe7 31. Rfd2 Qe5 32. Qg3 Qe4+ 33. Qf3 Qxc4 34. Rxd6 Rxd6 35. Rxd6 Re2+ 36. Kg3 Qe4 37. Rd8+ Kh7 38. Qxe4 Rxe4 39. Kf3 Rc4 40. Ke3 Rc3+ 41. Rd3 Rc4 42. Kf3 b6 43. h4 c5 44. g5 hxg5 45. hxg5 cxb4 46. g6+ Kh6 47. axb4 Rxb4 48. Rd6 a5 49. Rd8 a4 50. Rd7 b5 51. Rd8 a3 52. Rh8+ Kg5 53. Rh1 Rc4 54. Ke3 b4 55. Rf1 Kf6 56. Ra1 Rc8 57. Kf4 Ra8 58. Re1 Ra6 59. Re8 a2 60. Rf8+ Ke7 61. Rf7+ Ke8 62. Rxg7 a1=Q 63. Rg8+ Ke7 64. g7 Kf7 65. Rc8 Qd4+ 66. Kf3 Ra3+ 0-1

[Event "Quebec op U1800"]
[Site "Montreal CAN"]
[Date "1982.08.04"]
[Round "4"]
[White "Clement, Michel"]
[Black "Crevier, Robert"]
[Result "1-0"]
[WhiteElo "1476"]
[BlackElo "1704"]
[PlyCount "113"]
[GameId "2160767912848313"]
[EventDate "1982.08.01"]
[EventType "swiss"]
[EventRounds "8"]
[EventCountry "CAN"]
[SourceTitle "hb 2009.06"]

1. e4 Nf6 2. e5 Nd5 3. c4 Nb4 4. a3 N4c6 5. Nf3 d6 6. exd6 Qxd6 7. d4 e5 8. d5 Ne7 9. Nc3 c6 10. Be2 cxd5 11. cxd5 a6 12. O-O g6 13. Ne4 Qb6 14. d6 Ng8 15. Nxe5 Bg7 16. Qc2 Bf5 17. Be3 Qd8 18. f4 Nf6 19. d7+ Nbxd7 20. Nd6+ Kf8 21. Nxf5 gxf5 22. Qxf5 Qe7 23. Rac1 Qe6 24. Qxe6 fxe6 25. Bf3 Bh6 26. Nxd7+ Nxd7 27. Bxb7 Rb8 28. Bxa6 Rg8 29. Rc7 Ke8 30. Bd4 Rg4 31. g3 Kd8 32. Rfc1 Bxf4 33. Rc8+ Ke7 34. Rxb8 Nxb8 35. Be2 Bxc1 36. Bxg4 Nc6 37. Bc3 Kd6 38. Kg2 e5 39. Kf3 h6 40. Ke4 Nd4 41. Bd1 Ke6 42. a4 Bg5 43. b4 Bf6 44. b5 Kd6 45. Bb4+ Kc7 46. Bc5 Ne6 47. Be3 Ng5+ 48. Kd5 Bg7 49. a5 Nf7 50. a6 Nd8 51. b6+ Kb8 52. Bf3 h5 53. a7+ Ka8 54. Kd6+ Nb7+ 55. Kc7 e4 56. Bxe4 Be5+ 57. Kc8 1-0

[Event "Quebec op U1800"]
[Site "Montreal CAN"]
[Date "1982.08.05"]
[Round "5"]
[White "Bergeron, Jean-Guy"]
[Black "Clement, Michel"]
[Result "0-1"]
[WhiteElo "1560"]
[BlackElo "1476"]
[PlyCount "96"]
[GameId "2160767912848314"]
[EventDate "1982.08.01"]
[EventType "swiss"]
[EventRounds "8"]
[EventCountry "CAN"]
[SourceTitle "hb 2009.06"]

1. Nf3 Nf6 2. c4 e6 3. Nc3 d5 4. cxd5 exd5 5. e3 c6 6. d4 Bd6 7. Bd3 O-O 8. O-O Re8 9. Rb1 Nbd7 10. b4 b5 11. a4 a6 12. a5 Nf8 13. h3 Ng6 14. Bd2 Ra7 15. Qc2 Rae7 16. Rfe1 Ne4 17. Bc1 Qc7 18. Bxe4 dxe4 19. Nd2 f5 20. f4 exf3 21. Nxf3 Bg3 22. Rf1 Nh4 23. Ne2 Nxf3+ 24. Rxf3 Bd6 25. Nf4 Bxf4 26. Rxf4 Be6 27. e4 fxe4 28. Rxe4 Bd5 29. Rxe7 Qxe7 30. Qf2 Qe1+ 31. Qxe1 Rxe1+ 32. Kf2 Rd1 33. g4 Rxd4 34. Be3 Re4 35. Bc5 Rf4+ 36. Kg3 Rf3+ 37. Kh4 h6 38. Re1 g5+ 39. Kh5 Kh7 40. Re7+ Bf7+ 41. Rxf7+ Rxf7 42. h4 Rf3 43. Be7 Rh3 44. Bxg5 hxg5 45. Kxg5 Rb3 46. h5 Rxb4 47. Kf5 Rxg4 48. Kxg4 b4 0-1

[Event "Quebec op U1800"]
[Site "Montreal CAN"]
[Date "1982.08.06"]
[Round "6"]
[White "Baltgailis, Vesma"]
[Black "Vallee, Emil"]
[Result "1-0"]
[WhiteElo "1668"]
[BlackElo "1615"]
[PlyCount "55"]
[GameId "2160767912848315"]
[EventDate "1982.08.01"]
[EventType "swiss"]
[EventRounds "8"]
[EventCountry "CAN"]
[SourceTitle "FQE 06"]

1. c4 Nf6 2. g3 c5 3. Bg2 Nc6 4. Nc3 g6 5. e3 e6 6. Nge2 Bg7 7. O-O O-O 8. d4 cxd4 9. exd4 d5 10. cxd5 Nxd5 11. h3 b6 12. Nxd5 exd5 13. Be3 Ba6 14. Re1 Re8 15. Nc3 Ne7 16. Qa4 Bb7 17. Bg5 f6 18. Be3 a6 19. Qb3 Rc8 20. Na4 Bc6 21. Rac1 Bxa4 22. Qxa4 Nf5 23. Rxc8 Qxc8 24. Bxd5+ Kh8 25. Bb7 Qb8 26. Kh2 a5 27. Bf4 Nd6 28. Bxd6 1-0

[Event "Quebec op U1800"]
[Site "Montreal CAN"]
[Date "1982.08.06"]
[Round "6"]
[White "Clement, Michel"]
[Black "Normandeau, Gerard"]
[Result "1-0"]
[WhiteElo "1476"]
[BlackElo "1610"]
[PlyCount "77"]
[GameId "2160767912848316"]
[EventDate "1982.08.01"]
[EventType "swiss"]
[EventRounds "8"]
[EventCountry "CAN"]
[SourceTitle "hb 2009.06"]

1. e4 e5 2. Nf3 Nc6 3. Bb5 a6 4. Ba4 Nf6 5. O-O Nxe4 6. Re1 Nc5 7. Bxc6 bxc6 8. Nxe5 Be7 9. d4 Ne6 10. c3 Bb7 11. Nd2 c5 12. Ndf3 cxd4 13. Nxd4 O-O 14. Qg4 Nxd4 15. Qxd4 Bd6 16. Bd2 Re8 17. Rad1 Bxe5 18. Rxe5 d6 19. Rg5 Re5 20. Rxe5 dxe5 21. Qxe5 Qd7 22. Re1 Bc6 23. Bf4 Rd8 24. h3 Qd5 25. Qxd5 Rxd5 26. Re2 g5 27. Bxc7 h5 28. b3 Kg7 29. c4 Rd3 30. Rb2 Kg6 31. b4 f5 32. b5 axb5 33. cxb5 Bb7 34. a4 f4 35. a5 Rc3 36. Bb8 Kf5 37. a6 Bd5 38. b6 h4 39. b7 1-0

[Event "Quebec op U1800"]
[Site "Montreal CAN"]
[Date "1982.08.07"]
[Round "7"]
[White "Bernard, Marie"]
[Black "Clement, Michel"]
[Result "1/2-1/2"]
[WhiteElo "1622"]
[BlackElo "1476"]
[PlyCount "117"]
[GameId "2160767912848317"]
[EventDate "1982.08.01"]
[EventType "swiss"]
[EventRounds "8"]
[EventCountry "CAN"]
[SourceTitle "hb 2009.06"]

1. e4 c5 2. Nf3 e6 3. d4 cxd4 4. Nxd4 Nf6 5. Nc3 Bb4 6. Bd3 Nc6 7. Nb3 d5 8. Bd2 Bxc3 9. Bxc3 dxe4 10. Bxf6 Qxf6 11. Bxe4 Qxb2 12. O-O O-O 13. Re1 Rd8 14. Qh5 g6 15. Qh4 Bd7 16. Rad1 Qc3 17. Re3 Qb4 18. Qf6 Be8 19. Rxd8 Rxd8 20. Bf3 Qe7 21. Qxe7 Nxe7 22. g3 Bc6 23. Bxc6 Nxc6 24. c3 Kg7 25. Kf1 b6 26. Ke1 e5 27. Ke2 f5 28. Rd3 Rxd3 29. Kxd3 Kf6 30. f3 g5 31. h3 h5 32. Nd2 Ke6 33. Nc4 Ne7 34. a4 Nd5 35. Nd2 Nf6 36. Ke3 Kd5 37. f4 gxf4+ 38. gxf4 e4 39. Nb3 Kc4 40. Nd4 Nd5+ 41. Kd2 Nxf4 42. Nxf5 Nxh3 43. Ng3 a5 44. Nxh5 e3+ 45. Kxe3 Kxc3 46. Nf6 Kb4 47. Nd5+ Kxa4 48. Nxb6+ Kb4 49. Nd5+ Kc5 50. Nc3 Kb4 51. Kd2 Kb3 52. Nb5 a4 53. Kc1 Nf2 54. Kb1 Nd1 55. Nd4+ Kc4 56. Nc2 Kc3 57. Na3 Ne3 58. Ka2 Kb4 59. Nb1 1/2-1/2

[Event "Quebec-ch"]
[Site "Montreal CAN"]
[Date "1982.06.13"]
[Round "1"]
[White "Alvarez, Jose Luis"]
[Black "Levtchouk, George"]
[Result "1-0"]
[WhiteElo "2037"]
[BlackElo "2216"]
[PlyCount "59"]
[GameId "2160767912848465"]
[EventDate "1982.06.13"]
[EventType "tourn"]
[EventRounds "9"]
[EventCountry "CAN"]

1. d4 g6 2. e3 Bg7 3. Bd3 Nf6 4. Nf3 O-O 5. O-O d6 6. Nbd2 Qe8 7. c3 b6 8. e4 Bb7 9. Re1 e6 10. Nc4 Nbd7 11. e5 dxe5 12. Ncxe5 Nxe5 13. Nxe5 c5 14. dxc5 bxc5 15. Qe2 Qe7 16. Bg5 Qc7 17. Rad1 Rad8 18. f3 Rd5 19. Bc4 Rxd1 20. Rxd1 Nd5 21. Nd3 Nb6 22. Bf4 Qe7 23. Ne5 Nxc4 24. Nxc4 Rd8 25. Rxd8+ Qxd8 26. Nd6 Bd5 27. Qa6 Bf8 28. c4 Ba8 29. Qxa7 Qf6 30. Be5 1-0

[Event "Quebec-ch"]
[Site "Montreal CAN"]
[Date "1982.06.13"]
[Round "1"]
[White "Bolduc, Steve"]
[Black "St Amand, Paul Jr"]
[Result "1-0"]
[WhiteElo "2047"]
[BlackElo "2011"]
[PlyCount "133"]
[GameId "2160767912848466"]
[EventDate "1982.06.13"]
[EventType "tourn"]
[EventRounds "9"]
[EventCountry "CAN"]

1. d4 Nf6 2. Nf3 e6 3. c4 c5 4. e3 d5 5. Nc3 Nc6 6. a3 cxd4 7. exd4 Be7 8. Bg5 O-O 9. Rc1 a6 10. Bd3 dxc4 11. Bxc4 b5 12. Ba2 Bb7 13. O-O Rc8 14. Bb1 Re8 15. Qd3 g6 16. Rfd1 b4 17. Na4 bxa3 18. bxa3 Nd7 19. h4 Qa5 20. Qb3 Qb5 21. Qxb5 axb5 22. Nc5 Bxg5 23. Nxg5 Nxd4 24. Nxd7 Rxc1 25. Rxc1 Ne2+ 26. Kh2 Nxc1 27. Nf6+ Kf8 28. Ngxh7+ Ke7 29. Nxe8 Kxe8 30. g4 Ke7 31. h5 gxh5 32. gxh5 f5 33. h6 Bd5 34. Bc2 Ne2 35. Ng5 Kf6 36. h7 Kg7 37. Bd3 Nd4 38. f4 Kh8 39. Kg3 Kg7 40. Kf2 Kh8 41. Ke3 Nc6 42. Bxb5 e5 43. fxe5 Nxe5 44. Kd4 Bc6 45. a4 Bxb5 46. axb5 Nd7 47. Kd5 Kg7 48. Ke6 Nb6 49. Kxf5 Nc4 50. Ke6 Nb6 51. Kd6 Nc4+ 52. Kc5 Ne5 53. Kd5 Nd7 54. Kd6 Nb6 55. Kc6 Nc4 56. Nf7 Kxh7 57. Kc5 Na5 58. Nd6 Nb3+ 59. Kc4 Nd2+ 60. Kb4 Nf3 61. b6 Ne5 62. b7 Kg7 63. Kb5 Nd7 64. Kc6 Nb8+ 65. Kc7 Na6+ 66. Kc8 Kf8 67. Nb5 1-0

[Event "Quebec-ch"]
[Site "Montreal CAN"]
[Date "1982.06.13"]
[Round "1"]
[White "Spraggett, Kevin"]
[Black "Lake, Perry"]
[Result "1-0"]
[WhiteElo "2513"]
[BlackElo "2131"]
[PlyCount "81"]
[GameId "2160767912848468"]
[EventDate "1982.06.13"]
[EventType "tourn"]
[EventRounds "9"]
[EventCountry "CAN"]

1. e4 e5 2. Nf3 Nc6 3. Bb5 a6 4. Ba4 Nf6 5. O-O Nxe4 6. d4 b5 7. Bb3 d5 8. dxe5 Be6 9. Nbd2 Nc5 10. c3 Be7 11. Re1 Bg4 12. h3 Bh5 13. Bc2 Qd7 14. Nb3 Ne6 15. Bf5 Ncd8 16. Be3 Nb7 17. g4 Bg6 18. Qc2 c5 19. Rad1 Qc6 20. Nbd2 Rd8 21. h4 Qb6 22. h5 d4 23. hxg6 hxg6 24. Bxe6 Qxe6 25. cxd4 cxd4 26. Bf4 d3 27. Qc7 Qxg4+ 28. Bg3 Nc5 29. Qc6+ Kf8 30. Nh2 Qb4 31. b3 Ne6 32. Nhf3 Nf4 33. Re4 Ne2+ 34. Kg2 Qc3 35. Qxa6 Qc5 36. Re1 Rd7 37. a4 Nc3 38. Rf4 Kg8 39. e6 Ra7 40. exf7+ Kf8 41. Qxg6 1-0

[Event "Quebec-ch"]
[Site "Montreal CAN"]
[Date "1982.06.13"]
[Round "1"]
[White "Witt, Laszlo"]
[Black "Williams, Leo"]
[Result "1-0"]
[WhiteElo "2388"]
[BlackElo "2102"]
[PlyCount "43"]
[GameId "2160767912848469"]
[EventDate "1982.06.13"]
[EventType "tourn"]
[EventRounds "9"]
[EventCountry "CAN"]

1. e4 c5 2. c3 e6 3. d4 d5 4. e5 Nc6 5. Nf3 Nge7 6. Bd3 cxd4 7. cxd4 Nf5 8. Bxf5 exf5 9. Nc3 Be6 10. h4 h6 11. Ne2 Be7 12. Nf4 Qd7 13. a3 O-O-O 14. h5 Kb8 15. b4 Rdg8 16. Bd2 g5 17. Nxe6 Qxe6 18. b5 Nd8 19. a4 g4 20. Bg5 f4 21. Kf1 Qd7 22. Kg1 1-0

[Event "Quebec-ch"]
[Site "Montreal CAN"]
[Date "1982.06.14"]
[Round "2"]
[White "Barbeau, Sylvain"]
[Black "Alvarez, Jose Luis"]
[Result "0-1"]
[WhiteElo "2231"]
[BlackElo "2037"]
[PlyCount "81"]
[GameId "2160767912848470"]
[EventDate "1982.06.13"]
[EventType "tourn"]
[EventRounds "9"]
[EventCountry "CAN"]

1. c4 f5 2. Nf3 Nf6 3. g3 e6 4. Bg2 Be7 5. O-O O-O 6. b3 d6 7. d4 a5 8. a3 Qe8 9. e3 Na6 10. b4 axb4 11. axb4 c6 12. Bb2 Bd7 13. Qb3 Nc7 14. Rxa8 Nxa8 15. c5 Nc7 16. Nbd2 d5 17. Ne5 Qh5 18. f3 g5 19. Ra1 Bc8 20. Bf1 Nd7 21. Ra7 Nxe5 22. dxe5 f4 23. Bd4 Qe8 24. Ra2 Rf7 25. Bd3 Rg7 26. Nf1 Qf8 27. Qd1 Rf7 28. Rf2 Bd7 29. Kg2 Nb5 30. Bxb5 cxb5 31. Ra2 Qh6 32. Qd3 Qh5 33. Ra8+ Kg7 34. Nd2 fxg3 35. hxg3 g4 36. fxg4 Qxg4 37. Ra2 Bh4 38. Nf1 Bxg3 39. Qe2 Rf2+ 40. Qxf2 Bxf2+ 41. Kxf2 0-1

[Event "Quebec-ch"]
[Site "Montreal CAN"]
[Date "1982.06.14"]
[Round "2"]
[White "St Amand, Paul Jr"]
[Black "Spraggett, Kevin"]
[Result "0-1"]
[WhiteElo "2011"]
[BlackElo "2513"]
[PlyCount "70"]
[GameId "2160767912848472"]
[EventDate "1982.06.13"]
[EventType "tourn"]
[EventRounds "9"]
[EventCountry "CAN"]

1. e4 c5 2. Nf3 d6 3. c3 Nf6 4. Bd3 Nc6 5. Bc2 Bg4 6. h3 Bxf3 7. Qxf3 g6 8. d3 Bg7 9. Be3 O-O 10. Nd2 Nd7 11. Qe2 b5 12. Rc1 Rb8 13. O-O Qc7 14. Nf3 b4 15. Ba4 bxc3 16. bxc3 Rb6 17. Rc2 Rfb8 18. Nd2 e6 19. Rfc1 Ra6 20. Bb3 Na5 21. d4 Nxb3 22. axb3 Rc6 23. d5 exd5 24. exd5 Rcb6 25. b4 Re8 26. bxc5 Nxc5 27. Qc4 Rc8 28. Ra2 Qb8 29. Qg4 h5 30. Qe2 Rb2 31. Rca1 Rxa2 32. Rxa2 Bxc3 33. Rc2 Qb4 34. Bxc5 Rxc5 35. Ne4 Qb1+ 0-1

[Event "Quebec-ch"]
[Site "Montreal CAN"]
[Date "1982.06.14"]
[Round "2"]
[White "Williams, Leo"]
[Black "Levtchouk, George"]
[Result "1/2-1/2"]
[WhiteElo "2102"]
[BlackElo "2216"]
[PlyCount "71"]
[GameId "2160767912848473"]
[EventDate "1982.06.13"]
[EventType "tourn"]
[EventRounds "9"]
[EventCountry "CAN"]

1. e4 g6 2. d4 Bg7 3. Nc3 d6 4. f4 c6 5. Be3 Qb6 6. Rb1 Nh6 7. Nf3 Bg4 8. Qd2 d5 9. f5 dxe4 10. Ne5 Nxf5 11. Nxg4 Nxe3 12. Nxe3 Qxd4 13. g4 O-O 14. Bc4 b5 15. Bb3 a5 16. a4 b4 17. Ne2 Qxd2+ 18. Kxd2 Rd8+ 19. Ke1 Nd7 20. Ng3 Nc5 21. Nc4 e6 22. Ke2 f5 23. gxf5 exf5 24. Rhd1 Nxb3 25. cxb3 Bd4 26. Rd2 c5 27. Rf1 Rf8 28. Nd6 Ra6 29. Ndxf5 gxf5 30. Rxf5 e3 31. Rd1 Rh6 32. Rh1 Rxf5 33. Nxf5 Rf6 34. Rf1 Re6 35. Rf3 Re4 36. Nxe3 1/2-1/2

[Event "Quebec-ch"]
[Site "Montreal CAN"]
[Date "1982.06.14"]
[Round "2"]
[White "Witt, Laszlo"]
[Black "Bolduc, Steve"]
[Result "1/2-1/2"]
[WhiteElo "2388"]
[BlackElo "2047"]
[PlyCount "63"]
[GameId "2160767912848474"]
[EventDate "1982.06.13"]
[EventType "tourn"]
[EventRounds "9"]
[EventCountry "CAN"]

1. e4 c6 2. d4 d5 3. Nc3 dxe4 4. Nxe4 Nd7 5. Bc4 Ngf6 6. Ng5 e6 7. Qe2 Nb6 8. Bb3 h6 9. N5f3 a5 10. a4 c5 11. c3 Be7 12. dxc5 Nbd7 13. Nd4 Nxc5 14. Bc4 O-O 15. Ngf3 Nd5 16. O-O Nb6 17. Bb5 Bd7 18. Ne5 Bxb5 19. Qxb5 Nbd7 20. Nxd7 Qxd7 21. Qxd7 Nxd7 22. Nb5 Nc5 23. Be3 Rfd8 24. Bxc5 Bxc5 25. Rfd1 Kf8 26. Kf1 Ke7 27. Ke2 h5 28. f3 Rac8 29. Rxd8 Rxd8 30. Rd1 Rxd1 31. Kxd1 g5 32. Ke2 1/2-1/2

[Event "Quebec-ch"]
[Site "Montreal CAN"]
[Date "1982.06.15"]
[Round "3"]
[White "Alvarez, Jose Luis"]
[Black "Lake, Perry"]
[Result "0-1"]
[WhiteElo "2037"]
[BlackElo "2131"]
[PlyCount "136"]
[GameId "2160767912848475"]
[EventDate "1982.06.13"]
[EventType "tourn"]
[EventRounds "9"]
[EventCountry "CAN"]

1. d4 Nf6 2. c4 c5 3. d5 e6 4. Nc3 exd5 5. cxd5 d6 6. e4 g6 7. Bd3 Bg7 8. Nf3 O-O 9. O-O a6 10. a4 Bg4 11. h3 Bxf3 12. Qxf3 Nbd7 13. Qd1 Qc7 14. Be3 Rfe8 15. Bc2 Rab8 16. Qe2 Qb6 17. Rfb1 Qa5 18. Ra3 Rec8 19. Bf4 Ne5 20. Bxe5 dxe5 21. Bd3 Ne8 22. Nd1 Bh6 23. Ne3 Bxe3 24. Qxe3 c4 25. Be2 Qb4 26. Qc3 Qxc3 27. bxc3 Nd6 28. f3 Kf8 29. Kf2 Ke7 30. Ke3 g5 31. Rb6 Rc5 32. Ra1 Ra5 33. Bd1 h5 34. Rab1 h4 35. Be2 Kd7 36. Kd2 Kc7 37. R1b4 Kd7 38. Bd1 Rc8 39. Bc2 Kc7 40. Rb1 Rf8 41. R6b4 Rc5 42. Ke3 b5 43. axb5 axb5 44. Ra1 Kb7 45. Rb2 Rcc8 46. Rba2 Ra8 47. Kf2 Rxa2 48. Rxa2 Kb6 49. g3 hxg3+ 50. Kxg3 Rh8 51. Bb1 f6 52. Bc2 b4 53. cxb4 Kb5 54. Rb2 Ra8 55. h4 gxh4+ 56. Kxh4 Ra1 57. Kg3 Rc1 58. f4 Rf1 59. fxe5 fxe5 60. Kg2 Rf4 61. Rb1 Nxe4 62. Bxe4 Rxe4 63. Rd1 Rd4 64. Rxd4 exd4 65. Kf3 c3 66. Ke2 Kc4 67. d6 d3+ 68. Kd1 c2+ 0-1

[Event "Quebec-ch"]
[Site "Montreal CAN"]
[Date "1982.06.15"]
[Round "3"]
[White "Bolduc, Steve"]
[Black "Williams, Leo"]
[Result "1/2-1/2"]
[WhiteElo "2047"]
[BlackElo "2102"]
[PlyCount "59"]
[GameId "2160767912848476"]
[EventDate "1982.06.13"]
[EventType "tourn"]
[EventRounds "9"]
[EventCountry "CAN"]

1. d4 Nf6 2. Nf3 g6 3. c4 Bg7 4. Nc3 d5 5. Qb3 dxc4 6. Qxc4 O-O 7. e4 Na6 8. Be3 c5 9. Rd1 Qa5 10. Rd2 Ng4 11. Qb5 Qxb5 12. Bxb5 Nxe3 13. fxe3 Nc7 14. Bc4 Bh6 15. Ke2 cxd4 16. Nxd4 Bg4+ 17. Nf3 Rfe8 18. Rhd1 Rac8 19. h3 Be6 20. Bxe6 Nxe6 21. Nd4 Nc5 22. Nb3 e6 23. Nxc5 Rxc5 24. Rd7 Rb8 25. Rd8+ Rxd8 26. Rxd8+ Bf8 27. Rd7 b5 28. Rxa7 b4 29. Na4 Rc2+ 30. Kf3 1/2-1/2

[Event "Quebec-ch"]
[Site "Montreal CAN"]
[Date "1982.06.15"]
[Round "3"]
[White "Levtchouk, George"]
[Black "Barbeau, Sylvain"]
[Result "1/2-1/2"]
[WhiteElo "2216"]
[BlackElo "2231"]
[PlyCount "27"]
[GameId "2160767912848478"]
[EventDate "1982.06.13"]
[EventType "tourn"]
[EventRounds "9"]
[EventCountry "CAN"]

1. Nf3 Nf6 2. g3 g6 3. b4 Bg7 4. Bb2 O-O 5. c4 d6 6. d4 a5 7. a3 e5 8. dxe5 Ng4 9. Bg2 axb4 10. axb4 Rxa1 11. Bxa1 Nc6 12. Qb3 Ngxe5 13. Nxe5 Nxe5 14. O-O 1/2-1/2

[Event "Quebec-ch"]
[Site "Montreal CAN"]
[Date "1982.06.15"]
[Round "3"]
[White "Spraggett, Kevin"]
[Black "Witt, Laszlo"]
[Result "1/2-1/2"]
[WhiteElo "2513"]
[BlackElo "2388"]
[PlyCount "81"]
[GameId "2160767912848479"]
[EventDate "1982.06.13"]
[EventType "tourn"]
[EventRounds "9"]
[EventCountry "CAN"]

1. e4 c5 2. Nf3 d6 3. d4 cxd4 4. Nxd4 Nf6 5. Nc3 a6 6. f4 Nc6 7. Be2 Qc7 8. Be3 Bd7 9. O-O e6 10. Qe1 Nxd4 11. Bxd4 Bc6 12. e5 Nd7 13. Qg3 O-O-O 14. Bf3 f6 15. Bxc6 Qxc6 16. exf6 gxf6 17. Qf3 d5 18. Rae1 Rg8 19. Kh1 Kb8 20. Qe2 Re8 21. Qh5 Bc5 22. Bxf6 Nxf6 23. Qe5+ Ka8 24. Qxf6 Bb4 25. Rf3 Rg6 26. Qd4 Bc5 27. Qd3 Reg8 28. Re2 Ba7 29. f5 Qb6 30. Rf1 exf5 31. Nxd5 Qc6 32. Rxf5 Qc5 33. Rf1 Rh6 34. g3 Bb8 35. Rg2 Rxg3 36. Rxg3 Bxg3 37. Qxg3 Qxd5+ 38. Qf3 Qd6 39. Qf8+ Ka7 40. Qxd6 Rxd6 41. Rf2 1/2-1/2

[Event "Quebec-ch"]
[Site "Montreal CAN"]
[Date "1982.06.16"]
[Round "4"]
[White "Bolduc, Steve"]
[Black "Spraggett, Kevin"]
[Result "0-1"]
[WhiteElo "2047"]
[BlackElo "2513"]
[PlyCount "38"]
[GameId "2160767912848480"]
[EventDate "1982.06.13"]
[EventType "tourn"]
[EventRounds "9"]
[EventCountry "CAN"]

1. d4 Nf6 2. Nf3 g6 3. c4 Bg7 4. Nc3 O-O 5. g3 d5 6. Bg2 dxc4 7. Ne5 Ng4 8. Nxg4 Bxg4 9. Bxb7 Nd7 10. h3 Be6 11. d5 Nc5 12. dxe6 Nxb7 13. Qxd8 Rfxd8 14. exf7+ Kxf7 15. Bd2 Nd6 16. Rc1 Rab8 17. Rc2 Rb7 18. Nd1 Ne4 19. Bc1 Rxd1+ 0-1